000 00335 a2200157 4500
001 188510
020 _a978-85-61167-08-0
040 _cMagnum
100 _aAndré, Pierre
240 1 0 _aEmengarda, a barata
_lpor
245 1 0 _aEmengarda, a barata
300 _a24
362 0 _a2009
697 _aLITERATURA INFANTO
942 _cBK
999 _c188510
_d188510